MAASAI MARA UNIVERSITY

LIBRARY CATALOGUE

Contact Us: +254 020 2685356/7 or 0774 057787

Box: 861-20500, NAROK, KENYA

Email: info@mmarau.ac.ke

During Simon (Record no. 4907)

MARC details
000 -LEADER
fixed length control field 00408nam a2200145Ia 4500
008 - FIXED-LENGTH DATA ELEMENTS--GENERAL INFORMATION
fixed length control field 151015s9999 xx 000 0 und d
020 ## - INTERNATIONAL STANDARD BOOK NUMBER
International Standard Book Number 9.7804153741e+012
050 ## - LIBRARY OF CONGRESS CALL NUMBER
Classification number HM 101.C8928 2007
245 ## - TITLE STATEMENT
Title During Simon
250 ## - EDITION STATEMENT
Edition statement _The cultural studies reader [3rd ed.]
300 ## - PHYSICAL DESCRIPTION
Extent London Routledge 2007
500 ## - GENERAL NOTE
General note Includes index
650 ## - SUBJECT ADDED ENTRY--TOPICAL TERM
Topical term or geographic name as entry element _culture-studies
700 ## - ADDED ENTRY--PERSONAL NAME
Personal name ^d20130528 06:29:02^oanne

No items available.

© 2016 Maasai Mara University.